LEADER 01010nam0-2200265 --450 001 9910319246903321 005 20190520102356.0 010 $a0-8412-0508-6 100 $a20190520d1979----kmuy0itay5050 ba 101 0 $aeng 102 $aUS 105 $ay-------001yy 200 1 $aImmobilized microbial cells$ebased on a symposium jointly sponsored by the ACS Divisions of Microbial and Biochemical Technology, Agricultural and food Chemistry and carbohydrate Chemistry at the 176th meeting of the American Chemical Society, Miami Beach, Florida, September 14, 1978$fK. Venkatsubramanian 210 $aWashington$cAmerican Chemical Society$d1979 215 $aX, 257 p.$d24 cm 610 0 $aBiochimica$aCellule microbiche 676 $a572.3$v23$zita 700 1$aVenkatsubramanian,$bK.$0764776 801 0$aIT$bUNINA$gREICAT$2UNIMARC 901 $aBK 912 $a9910319246903321 952 $aBSF-572.3-VEN-1$bs.i.$fSC1 959 $aSC1 996 $aImmobilized microbial cells$91553541 997 $aUNINA LEADER 01409nam a22003614i 4500 001 991001841219707536 008 121009s2008 riuac b 010 0 eng d 020 $a9780821847381 035 $ab14079264-39ule_inst 040 $aDip.to Matematica e Fisica$beng 082 00$a515.7222$223 084 $aAMS 47-06 084 $aAMS 47F05 084 $aAMS 81-06 084 $aLC QC20.7.S64S648 245 00$aSpectral theory of differential operators :$bM. Sh. Birman 80th anniversary collection /$cT. Suslina, D. Yafaev, editors 260 $aProvidence, R. I. :$bAmerican Mathematical Society,$cc2008 300 $aviii, 299 p. :$bill., port. ;$c26 cm 440 0$aAmerican Mathematical Society Translations,$x0065-9290 ;$vSer.2, v.225 440 0$aAdvances in the mathematical sciences ;$v62 504 $aIncludes bibliographical references 650 0$aSpectral theory (Mathematics) 650 0$aDifferential operators 650 0$aDifferential equations, Partial 700 1 $aSuslina, T. 700 1 $aYafaev, D. 700 1 $aBirman, M. Sh. 907 $a.b14079264$b13-11-12$c09-10-12 912 $a991001841219707536 945 $aLE013 47-XX SUS11 (2008)$g1$i2013000150802$lle013$op$pE110.00$q-$rl$s- $t0$u0$v0$w0$x0$y.i15453108$z06-11-12 996 $aSpectral theory of differential operators$9240403 997 $aUNISALENTO 998 $ale013$b09-10-12$cm$da $e-$feng$griu$h0$i0 LEADER 01359aam 2200397I 450 001 9910710281503321 005 20160121100808.0 024 8 $aGOVPUB-C13-4f68c6ad96f184ae768192f533f00c8d 035 $a(CKB)5470000002476469 035 $a(OCoLC)935499363 035 $a(EXLCZ)995470000002476469 100 $a20160121d1980 ua 0 101 0 $aeng 181 $2rdacontent 182 $2rdamedia 183 $2rdacarrier 200 10$aCollaborative reference program for paper $ereport no. 63G /$fR. G. Powell; J. Horlick 210 1$aGaithersburg, MD :$cU.S. Dept. of Commerce, National Institute of Standards and Technology,$d1980. 215 $a1 online resource 225 1 $aNBSIR ;$v80-1833 300 $a1980. 300 $aContributed record: Metadata reviewed, not verified. Some fields updated by batch processes. 300 $aTitle from PDF title page. 320 $aIncludes bibliographical references. 517 $aCollaborative reference program for paper 700 $aPowell$b R. G$01386938 701 $aHorlick$b J$01386491 701 $aPowell$b R. G$01386938 712 02$aUnited States.$bNational Bureau of Standards. 801 0$bNBS 801 1$bNBS 801 2$bGPO 906 $aBOOK 912 $a9910710281503321 996 $aCollaborative reference program for paper$93441856 997 $aUNINA